| 000 | 00513 a2200157 4500 | ||
|---|---|---|---|
| 020 | _a0070435804 | ||
| 040 |
_aDLC _bDLC |
||
| 082 | _a005.1 | ||
| 100 | _aRamaswamy, Ramkumar. | ||
| 245 |
_aThe art and technology of software engineering: A mosaic of models and methods _cRamkumar Ramaswamy |
||
| 260 |
_aNew Dehli: _bTata Mc Graw-Hill, _c2002. |
||
| 300 |
_avi, 154 p. : _bill. ; _c24 cm. |
||
| 500 | _aIncludes bibliographical references and index | ||
| 650 | _aSoftware engineering. | ||
| 942 |
_cBK _k005.1 RAM _2ddc |
||
| 999 |
_c5742 _d5742 |
||